000
00289nam a22001337a 4500
020
_a
0-88344-744-4
082
_a
266.2 BOS
100
_a
Bosch, David J.
245
_a
Transforming Mission
260
_a
New York
_b
Orbis Books
_c
1992
300
_a
587
650
_a
Missions
942
_c
BK
999
_c
20527
_d
20527